Normal view MARC view

Entry Topical Term

Number of records used in: 1

001 - CONTROL NUMBER

  • control field: 57997

003 - CONTROL NUMBER IDENTIFIER

  • control field: OSt

005 - DATE AND TIME OF LATEST TRANSACTION

  • control field: 20251125154328.0

008 - FIXED-LENGTH DATA ELEMENTS

  • fixed length control field: 251125|| aca||aabn | a|a d

040 ## - CATALOGING SOURCE

  • Original cataloging agency: OSt
  • Transcribing agency: OSt

150 ## - HEADING--TOPICAL TERM

  • Topical term or geographic name entry element: Start-up ecosystem, Entrepreneurs, Employment, Development, sate ranking framework.

670 ## - SOURCE DATA FOUND

  • Source citation: Work cat.: (OSt): Nahida, Begum N. 57996, An analysis of the start-up India initiative: Triumphs, inadvertencies and confrontations

Powered by Koha